000 00506nas a22001697a 4500
008 130423t20079999ag ||||| |||| 00| 0 spa d
245 _aColeccion Temas Maestros
260 _aBuenos Aires,
_bSociedad Iberoamericana de Informacion Cientifica:
_c2007
300 _av. :
440 _aAsma
_92041
546 _aespaƱol
590 _aIndizada en: SIIC Data Bases
590 _aExistencias: 2007 1(1)
650 _aASMA
_91732
856 _uhttp://www.siicsalud.com/lmr/siicdatabases.php
942 _2ddc
_cCR
999 _c1331
_d1331